000 00319nam a22001457a 4500
020 _a81-8801-639-X
082 _a894.812.3
_bNAI/S
100 _aNAIR,G. GANGADHARAN
245 _aSWAPNANGAL
250 _aFIRST
260 _aKOZHIKODE
_bLIPI PUBLICATIONS
_c2013
300 _a63
650 _aPLAY
_zKERALA
942 _cBK
999 _c6846
_d6846